|
|
|
|
| LEADER |
00000nam a2200000 i 4500 |
| 001 |
115727 |
| 003 |
CZ ZlUTB |
| 005 |
20260529134302.0 |
| 006 |
m o d |
| 007 |
cr |n |
| 008 |
260529s2025 xr a fo 000 0 cze d |
| 020 |
|
|
|a 978-80-7678-387-4
|q (online ;
|q pdf)
|
| 024 |
7 |
|
|a 10.7441/978-80-7678-387-4
|2 doi
|
| 040 |
|
|
|a ZLD002
|b cze
|e rda
|
| 041 |
0 |
|
|a cze
|b eng
|
| 072 |
|
7 |
|a 7.01/.09
|x Umění
|2 Konspekt
|9 21
|
| 080 |
|
|
|a 159.942
|2 MRF
|
| 080 |
|
|
|a 316.346.36-053.81
|2 MRF
|
| 080 |
|
|
|a 378.6:7
|2 MRF
|
| 080 |
|
|
|a 001.126-029:6
|2 MRF
|
| 080 |
|
|
|a 316.752
|2 MRF
|
| 080 |
|
|
|a 378.011.3-052
|2 MRF
|
| 080 |
|
|
|a 004.8
|2 MRF
|
| 080 |
|
|
|a 069.9
|2 MRF
|
| 080 |
|
|
|a 72/76
|2 MRF
|
| 080 |
|
|
|a 77.03/.08
|2 MRF
|
| 080 |
|
|
|a 7.05
|2 MRF
|
| 080 |
|
|
|a 791.05
|2 MRF
|
| 080 |
|
|
|a (0.034.2:08)
|2 MRF
|
| 080 |
|
|
|a (048.8:082)
|2 MRF
|
| 100 |
1 |
|
|a Jakubíček, Vít,
|d 1987-
|7 xx0198679
|4 aut
|
| 245 |
1 |
0 |
|a Nové (n)emoce :
|b technologie pohledem tvůrčí generace Z /
|c Vít Jakubíček, Radim Bačuvčík, Helena Maňasová Hradská, Jakub Hrdina, Štěpán Dlabaja, Lucia L. Fišerová
|
| 250 |
|
|
|a První vydání
|
| 264 |
|
1 |
|a Zlín :
|b Univerzita Tomáše Bati ve Zlíně,
|c 2025
|
| 300 |
|
|
|a 1 online zdroj (183 stran) :
|b barevné ilustrace
|
| 336 |
|
|
|a text
|b txt
|2 rdacontent
|
| 337 |
|
|
|a počítač
|b c
|2 rdamedia
|
| 338 |
|
|
|a online zdroj
|b cr
|2 rdacarrier
|
| 490 |
1 |
|
|a Tvar, obraz, text
|
| 504 |
|
|
|a Obsahuje bibliografie a bibliografické odkazy
|
| 546 |
|
|
|a Obsahuje anglické resumé
|
| 650 |
0 |
7 |
|a emoce
|7 ph114465
|2 czenas
|
| 650 |
0 |
7 |
|a generace Z
|7 ph1017164
|2 czenas
|
| 650 |
0 |
7 |
|a technologie
|7 ph126489
|2 czenas
|
| 650 |
0 |
7 |
|a hodnotová orientace
|7 ph117202
|2 czenas
|
| 650 |
0 |
7 |
|a vysokoškolští studenti
|7 ph127281
|2 czenas
|
| 650 |
0 |
7 |
|a umělá inteligence
|7 ph116536
|2 czenas
|
| 650 |
0 |
7 |
|a výstavy
|7 ph116705
|2 czenas
|
| 650 |
0 |
7 |
|a fotografie
|7 ph114585
|2 czenas
|
| 650 |
0 |
7 |
|a umění
|7 ph116538
|2 czenas
|
| 650 |
0 |
7 |
|a fotografie
|7 ph114585
|2 czenas
|
| 650 |
0 |
7 |
|a design
|7 ph114303
|2 czenas
|
| 650 |
0 |
7 |
|a audiovizuální díla
|7 ph516417
|2 czenas
|
| 650 |
0 |
9 |
|a emotions
|2 eczenas
|
| 650 |
0 |
9 |
|a generation Z
|2 eczenas
|
| 650 |
0 |
9 |
|a technology
|2 eczenas
|
| 650 |
0 |
9 |
|a value orientation
|2 eczenas
|
| 650 |
0 |
9 |
|a college students
|2 eczenas
|
| 650 |
0 |
9 |
|a artificial intelligence
|2 eczenas
|
| 650 |
0 |
9 |
|a exhibitions
|2 eczenas
|
| 650 |
0 |
9 |
|a art
|2 eczenas
|
| 650 |
0 |
9 |
|a photography
|2 eczenas
|
| 650 |
0 |
9 |
|a design
|2 eczenas
|
| 650 |
0 |
9 |
|a audiovisual works
|2 eczenas
|
| 655 |
|
7 |
|a elektronické knihy
|7 fd186907
|2 czenas
|
| 655 |
|
7 |
|a kolektivní monografie
|7 fd501537
|2 czenas
|
| 655 |
|
9 |
|a electronic books
|2 eczenas
|
| 655 |
|
9 |
|a collective monographs
|2 eczenas
|
| 700 |
1 |
|
|a Bačuvčík, Radim,
|d 1975-
|7 mzk2005306721
|4 aut
|
| 700 |
1 |
|
|a Maňasová Hradská, Helena,
|d 1979-
|7 ola2006345447
|4 aut
|
| 700 |
1 |
|
|a Hrdina, Jakub,
|d 1978-
|7 mzk2015874060
|4 aut
|
| 700 |
1 |
|
|a Dlabaja, Štěpán
|4 aut
|
| 700 |
1 |
|
|a Fišerová, Lucia L.,
|d 1977-
|7 xx0122733
|4 aut
|
| 710 |
2 |
|
|a Univerzita Tomáše Bati ve Zlíně.
|b Fakulta multimediálních komunikací
|7 kn20020610008
|4 isb
|
| 830 |
|
0 |
|a Tvar, obraz, text
|
| 856 |
4 |
1 |
|u https://digilib.k.utb.cz/handle/10563/59087
|
| 910 |
|
|
|a ZLD002
|
| 942 |
|
|
|2 udc
|
| 992 |
|
|
|a BK
|
| 993 |
|
|
|x NEPOSILAT
|y EIZ
|
| 999 |
|
|
|c 115727
|d 115727
|